Normal view MARC view

Entry Topical Term

Number of records used in: 1

001 - CONTROL NUMBER

  • control field: 777402

003 - CONTROL NUMBER IDENTIFIER

  • control field: OSt

005 - DATE AND TIME OF LATEST TRANSACTION

  • control field: 20250508164128.0

008 - FIXED-LENGTH DATA ELEMENTS

  • fixed length control field: 250508|| aca||aabn | a|a d

040 ## - CATALOGING SOURCE

  • Original cataloging agency: OSt
  • Transcribing agency: OSt

150 ## - HEADING--TOPICAL TERM

  • Topical term or geographic name entry element: Giftedness - Definition; Gifted children - Education

670 ## - SOURCE DATA FOUND

  • Source citation: Work cat.: (OSt)1387219: Sternberg Robert J. Ed., Definitions and conceptions of giftedness, 2004
Copyright @ Delhi University Library System